000 00490nam a2200193Ia 4500
003 LK-CoDNM
005 20241205130816.0
008 010623t1957 xxu||||| |||| 00| 1 sin d
040 _aLK-CoDNM
_dLK-CoDNM
_eLK-CoDNM
041 _asin
080 _a8 C.09
_bSUR
100 _aSuraweera, A.V.
245 _aවිචාර විලාසය
246 _aVichara vilasaya
260 _bM.D.Gunasena
_aColombo
_c1957
300 _b144. ; 19 cm
650 _aLiterature
942 _cBK
999 _c104560
_d104560